00322nam a2200121Ia 450000500170000000800410001708200130005810000210007124500200009226000340011230000180014650000360016420250405112808.0240331s9999 xx 000 0 und d bSUBa894 aSubramanyam, K.N 0aKalai nutpangal aMadrasbVel Publicationc1988 aXiv, 192 p ., aA Collection of essays in tamil